| 000 | 00759nas a2200265Ia 4500 | ||
|---|---|---|---|
| 001 | dg80-36811 | ||
| 003 | IT-MiCISF | ||
| 008 | 161014c99999999xx |||||||||||| ||und|| | ||
| 040 |
_aIT-MiCISF _cIT-MiCISF |
||
| 041 | _aITALIANO | ||
| 100 | _aGarelli Franco | ||
| 210 | _aMadre | ||
| 222 | _aMadre | ||
| 245 | 0 | _aGiovani. Le emergenze sono adulte? | |
| 250 | _a1a ed. | ||
| 260 | _c2002 | ||
| 501 |
_bCISF - Centro Internazionale Studi Famiglia - Via Giotto, 36 20145 MILANO (non commercial uses only) _cCopyright 2016 |
||
| 300 | _app. 8-12 | ||
| 362 | _a n. 1, gennaio [2002] | ||
| 500 | _a Tema: giovani, società , cultura | ||
| 650 |
_aetà evolutiva _vintervista |
||
| 700 | _a Sutera Enza | ||
| 942 | _cCR | ||
| 957 | _71 | ||
| 999 |
_a36811 _bSi _g1 _c218656 _d218656 |
||